Stati confinanti meno estesi - Quiz n°14 - Statistics

Statistiche generali
  • Questo quiz è stato fatto 7 volte
  • Il punteggio medio è 6 su 9
Statistiche sulle risposte
Nazione Nazione confinante meno estesa % Corretto
Paesi Bassi Belgio
100%
Bhutan India
71%
Sierra Leone Liberia
71%
Costa d’Avorio Liberia
57%
Zambia Malawi
57%
Ungheria Slovenia
57%
Libia Tunisia
57%
Namibia Botswana
43%
Sudan del Sud Uganda
43%
Nessun quiz corrispondente trovato
Distribuzione punteggi
Percentuale di utenti per punteggio
Percentile per numero di risposta
I tuoi punteggi nel tempo
Non hai fatto questo quiz